| 000 | 01608nam a22003255i 4500 | ||
|---|---|---|---|
| 999 |
_c22655 _d22655 |
||
| 001 | 22853073 | ||
| 003 | OSt | ||
| 005 | 20221212124605.0 | ||
| 008 | 220902s2021 pe 000 0 spa | ||
| 020 |
_a9786124813832 _q(t. 1) |
||
| 020 |
_a9786124813849 _q(t. 2) |
||
| 020 |
_a9786124813856 _q(t.3) |
||
| 020 |
_a9786124813825 _q(colección completa) |
||
| 035 | _a(PE-LiEIC)it201600019093 | ||
| 040 |
_aDLC _beng _cDLC _erda |
||
| 082 | _a869.56 | ||
| 100 | 1 |
_aPantigoso, Manuel, _eautor. _933091 |
|
| 245 | 1 | 0 |
_aEn el nombre del Perú. El alma del país en la palabra : _b(Tomo 1): Literatura peruana, espacios, tendencias y anuncio de la vanguardia. (Tomo 2): Vanguardia plena y pos vanguardia. (Tomo 3): Poesía y narrativa contemporánea / _cManuel Pantigoso. |
| 250 | _aPrimera edición. | ||
| 264 | 1 |
_aLima : _bUniversidad Ricardo Palma, _c2021. |
|
| 300 |
_a3 volumenes : _bilustraciones ; _c23 cm. |
||
| 337 |
_aunmediated _bn _2rdamedia |
||
| 338 |
_avolume _bnc _2rdacarrier |
||
| 500 | _aLima 2021 año del Bicentenario | ||
| 505 | _aContenido: Literatura peruana espacios, tendencias y anuncio de la vanguardia. -- Literatura Inca. -- Literatura de la colonia y gestación de la independencia. -- La independencia del costumbrismo y romanticismo al modernismo. -- Posmodernismo. -- Anuncios de la Vanguardia. -- Generación de la crisis o del 30-36. -- Poesía y narrativa contemporánea. -- La generación del 50, 60 y 90. ... | ||
| 650 |
_aLiteratura _zPerú _948798 |
||
| 650 |
_aLiteratura _zPerú _xhistoria _948799 |
||
| 710 |
_aUniversidad Ricardo Palma _931834 |
||
| 942 |
_2ddc _cLIBROS |
||